| 000 | 00698nam a2200265Ia 4500 | ||
|---|---|---|---|
| 001 | Para_3700 | ||
| 003 | CHAP | ||
| 008 | 220125s[194 xx 000 0 und d | ||
| 010 | _a199618 | ||
| 040 | _cCHAP | ||
| 082 | _aPA-C 632.951 S67 | ||
| 245 | _aAdditional information Dow weed killer A-510 | ||
| 260 |
_a[s.l. : _b s.e.] |
||
| 300 | _a7 h. | ||
| 500 | _aEncuadernado con: spreader sticker du pont | ||
| 650 |
_aDDT (insectida) _9164844 |
||
| 650 |
_aMalas hierbas _x Control _970011 |
||
| 901 | _aPA-C 632.951 S67 | ||
| 902 | _aA | ||
| 905 | _a000000[194-] [SL 0000000000 00 | ||
| 910 | _a[194 | ||
| 942 | _cPARA | ||
| 942 |
_cPARA _d1 |
||
| 999 |
_c199618 _d199618 |
||